Psicolingüística y desarrollo del español
Guardat en:
| Autors principals: | , |
|---|---|
| Format: | Llibre |
| Idioma: | espanyol |
| Publicat: |
Caracas
Monte Avila
2004
|
| Edició: | 3a. ed |
| Col·lecció: | Colección Manuales
|
| Matèries: | |
| Etiquetes: |
Afegir etiqueta
Sense etiquetes, Sigues el primer a etiquetar aquest registre!
|
MARC
| LEADER | 00000nam a2200000 a 4500 | ||
|---|---|---|---|
| 001 | UCK2757 | ||
| 003 | CL-VaPUC | ||
| 008 | 050318e20040000VE |||||||||||||||||spa|d | ||
| 020 | |a 980011193X | ||
| 082 | 0 | 4 | |a 401.9 |b BAR |2 21 |
| 100 | 0 | |a Barrera Linares, Luis |e author |9 490397 | |
| 700 | 0 | |a Fraca de Barrera, Lucía |e author |9 490726 | |
| 245 | 1 | 0 | |a Psicolingüística y desarrollo del español |
| 250 | |a 3a. ed | ||
| 300 | |a v | ||
| 942 | |c BK | ||
| 945 | |d 20050318 00:00:00 |a cmena | ||
| 260 | |a Caracas |b Monte Avila |c 2004 | ||
| 650 | 0 | |a Psicolingüística |9 283371 | |
| 650 | 0 | |a Adquisición del lenguaje |9 309032 | |
| 650 | 0 | |a Educación lingüística |9 306506 | |
| 650 | 0 | |a Desarrollo cognitivo |9 311398 | |
| 650 | 0 | |a Idioma español |9 309143 | |
| 583 | |a last modification |c 20050318 00:00:00 |k Rodrigo Vera | ||
| 490 | 0 | |a Colección Manuales | |
| 999 | |c 312213 |d 312211 | ||
| 952 | |0 0 |1 0 |4 0 |6 401_900000000000000_BAR_2004 |7 0 |8 A |9 382132 |a FDOPOS |b FDOPOS |d 2019-11-21 |h v.1 |i 409963K |o 401.9 BAR 2004 |p 409963K |r 2025-01-22 |w 2019-11-21 |y BK |k MLA | ||